| 000 | 01541cam a2200457 a 4500 | ||
|---|---|---|---|
| 999 |
_c23191 _d23191 |
||
| 001 | vtls011578742 | ||
| 005 | 20220421131007.0 | ||
| 008 | 200316 2016 xo g 000 0 slo | ||
| 020 | _a9788022207997 (viaz.) | ||
| 035 | _aurn:nbn:sk:snk-am00dg0h | ||
| 035 | _aurn:nbn:sk:snk-am3i10n | ||
| 035 | _a3508B182-26F1-48B4-9970-FF5074FBBED9 | ||
| 040 |
_aSNK _bslo _cSNK _eAACR2 |
||
| 041 | 1 |
_aslo _hger |
|
| 044 |
_axo _cSK |
||
| 072 | 7 |
_a630 _xLesníctvo _2konspekt |
|
| 080 |
_a630*10 _22011 |
||
| 080 |
_a581.526.42 _22011 |
||
| 080 |
_a582.091 _22011 |
||
| 080 |
_a581.5 _22011 |
||
| 080 |
_a(0:82-4) _22011 |
||
| 100 | 1 |
_aWohlleben, Peter, _d1964- _91471 |
|
| 245 | 1 | 0 |
_aTajný život stromov _bčo cítia a ako komunikujú - objavte fascinujúci skrytý svet _cPeter Wohlleben; [z nemeckého originálu preložila Katarína Széherová] |
| 250 | _a1. vyd. | ||
| 260 |
_aBratislava _bTatran _c2017 |
||
| 300 |
_a207 s. _c21 cm |
||
| 490 | 1 |
_aLUK - Knižnica svetových bestsellerov _v137 |
|
| 650 | 0 | 7 |
_alesy _2SNKPH _91479 |
| 650 | 0 | 7 |
_alesné ekosystémy _2SNKPH _92851 |
| 650 | 0 | 7 |
_astromy _2SNKPH _92852 |
| 650 | 0 | 7 |
_aekológia rastlín _2SNKPH _92853 |
| 650 | 0 | 7 |
_aForests _2SNKPHeng _91485 |
| 650 | 0 | 7 |
_aForest ecosystems _2SNKPHeng _92854 |
| 650 | 0 | 7 |
_aTrees _2SNKPHeng _92855 |
| 650 | 0 | 7 |
_aPlant ecology _2SNKPHeng _92856 |
| 655 | 7 |
_aeseje _2SNKPH _92822 |
|
| 655 | 7 |
_aEssays _2SNKPHeng _91704 |
|
| 700 | 1 |
_aSzéherová, Katarína _4trl _91652 |
|
| 958 | _aOP | ||